000 00458nam a22001817a 4500
003 MPLRDC
005 20220104143816.0
008 210129b ||||| |||| 00| 0 eng d
020 _a7-5059-1649-1
082 _a874.57 XED-2
100 _a西德尼. 谢尔顿
245 _a世界末日阴谋
_c石人 等译
250 _a一版一刷
260 _a
_b中国文联
_c1991
300 _b
650 _a美国现代小说
942 _cBK
_o874.57 XED-2
999 _c43548
_d43538